<?xml version="1.0" encoding="UTF-8"?>
<record
    xmlns:xsi="http://www.w3.org/2001/XMLSchema-instance"
    xsi:schemaLocation="http://www.loc.gov/MARC21/slim http://www.loc.gov/standards/marcxml/schema/MARC21slim.xsd"
    xmlns="http://www.loc.gov/MARC21/slim">

  <leader>00356nam a22001577a 4500</leader>
  <controlfield tag="005">20160914172152.0</controlfield>
  <controlfield tag="008">160914b        xxu||||| |||| 00| 0 eng d</controlfield>
  <datafield tag="020" ind1=" " ind2=" ">
    <subfield code="a">81-8282-555-0</subfield>
  </datafield>
  <datafield tag="041" ind1=" " ind2=" ">
    <subfield code="a">eng</subfield>
  </datafield>
  <datafield tag="100" ind1=" " ind2=" ">
    <subfield code="a">Sharma,B K</subfield>
    <subfield code="9">3543</subfield>
  </datafield>
  <datafield tag="245" ind1=" " ind2=" ">
    <subfield code="a">Industrial Chemistry</subfield>
  </datafield>
  <datafield tag="260" ind1=" " ind2=" ">
    <subfield code="b">Goel</subfield>
    <subfield code="c">2014</subfield>
  </datafield>
  <datafield tag="300" ind1=" " ind2=" ">
    <subfield code="a">1664</subfield>
  </datafield>
  <datafield tag="650" ind1=" " ind2=" ">
    <subfield code="a">Engineering</subfield>
    <subfield code="9">3544</subfield>
  </datafield>
  <datafield tag="942" ind1=" " ind2=" ">
    <subfield code="c">BK</subfield>
  </datafield>
  <datafield tag="999" ind1=" " ind2=" ">
    <subfield code="c">5236</subfield>
    <subfield code="d">5234</subfield>
  </datafield>
  <datafield tag="952" ind1=" " ind2=" ">
    <subfield code="0">0</subfield>
    <subfield code="1">0</subfield>
    <subfield code="4">0</subfield>
    <subfield code="7">0</subfield>
    <subfield code="8">CS/IT</subfield>
    <subfield code="a">JRU</subfield>
    <subfield code="b">MAIN</subfield>
    <subfield code="c">SHELF-56-J</subfield>
    <subfield code="d">2016-09-14</subfield>
    <subfield code="e">PURCHASE</subfield>
    <subfield code="g">990.00</subfield>
    <subfield code="l">0</subfield>
    <subfield code="p">21197</subfield>
    <subfield code="r">2016-09-14 00:00:00</subfield>
    <subfield code="w">2016-09-14</subfield>
    <subfield code="y">BK</subfield>
  </datafield>
  <datafield tag="952" ind1=" " ind2=" ">
    <subfield code="0">0</subfield>
    <subfield code="1">0</subfield>
    <subfield code="4">0</subfield>
    <subfield code="7">0</subfield>
    <subfield code="8">CS/IT</subfield>
    <subfield code="a">JRU</subfield>
    <subfield code="b">JRU</subfield>
    <subfield code="c">SHELF-56-J</subfield>
    <subfield code="d">2016-09-14</subfield>
    <subfield code="e">PURCHASE</subfield>
    <subfield code="g">990.00</subfield>
    <subfield code="l">2</subfield>
    <subfield code="p">21198</subfield>
    <subfield code="r">2016-12-27 00:00:00</subfield>
    <subfield code="s">2016-12-23</subfield>
    <subfield code="w">2016-09-14</subfield>
    <subfield code="y">BK</subfield>
  </datafield>
  <datafield tag="952" ind1=" " ind2=" ">
    <subfield code="0">0</subfield>
    <subfield code="1">0</subfield>
    <subfield code="4">0</subfield>
    <subfield code="7">0</subfield>
    <subfield code="8">CS/IT</subfield>
    <subfield code="a">JRU</subfield>
    <subfield code="b">JRU</subfield>
    <subfield code="c">SHELF-56-J</subfield>
    <subfield code="d">2016-09-14</subfield>
    <subfield code="e">PURCHASE</subfield>
    <subfield code="g">990.00</subfield>
    <subfield code="l">2</subfield>
    <subfield code="m">2</subfield>
    <subfield code="p">21199</subfield>
    <subfield code="r">2018-05-30 00:00:00</subfield>
    <subfield code="s">2016-10-20</subfield>
    <subfield code="w">2016-09-14</subfield>
    <subfield code="y">BK</subfield>
  </datafield>
  <datafield tag="952" ind1=" " ind2=" ">
    <subfield code="0">0</subfield>
    <subfield code="1">0</subfield>
    <subfield code="4">0</subfield>
    <subfield code="7">0</subfield>
    <subfield code="8">CS/IT</subfield>
    <subfield code="a">JRU</subfield>
    <subfield code="b">JRU</subfield>
    <subfield code="c">SHELF-56-J</subfield>
    <subfield code="d">2017-03-29</subfield>
    <subfield code="e">PURCHASE</subfield>
    <subfield code="g">990.00</subfield>
    <subfield code="l">0</subfield>
    <subfield code="p">21533</subfield>
    <subfield code="r">2017-03-30 00:00:00</subfield>
    <subfield code="w">2017-03-29</subfield>
    <subfield code="y">BK</subfield>
  </datafield>
</record>
